01213 a2200193 4500003000500000005001700005040000900022082001500031100002800046245005500074250001200129260003000141300002000171505061700191650004400808942002400852999001900876952012400895NUST20231128123727.0 cNust a515.15,THO aFinney, Thomas 9103299 aCalculus and analytic Geometry /cThomas / Finney a8th ed. aUSAbAddison Wesleyc1992 axviii, 1041 p.: aThe rate of change and function (Page-1), Derivatives (Page-95), Applications of derivatives (Page-180), Integration (Page-250), Applications of definite integrals (Page-315), Transcendental functions (Page-381), Integration methods (Page-444), Plane Analytic Geometry (Page-510), Hyperbolic functions (Page-552), Polar Coordinates (Page-570), Sequences and Infinite Series (Page-594), Power Series (Page-657), Vectors (Page-697), Vector Functions and Their Derivatives (Page-758), Partial Derivatives (Page-794), Multiple Integrals (Page-894), Vector Analysis (Page-938), Differential Equations (Page-996).  aCalculus and analytic Geometry 9103069 2ddccBKk515.15,THO c194629d194629 00102ddc4070aMCSbMCScGENd2016-12-12o515.15,THOpMCS36317r2024-11-18w2016-12-12yBKzAlmirah No.13, Shelf No.3